| 000 | 00934nam a22002535a 4500 | ||
|---|---|---|---|
| 003 | OSt | ||
| 005 | 20161101132049.0 | ||
| 008 | 161101s2015 ua frb 000 0 ara d | ||
| 015 | _a2014/23906 | ||
| 020 | _a9789770476840 | ||
| 040 |
_aEG-ScBUE _bara _cEG-ScBUE |
||
| 043 | _af-ua--- | ||
| 082 | 0 | 4 |
_a332.67220962 _bس ي د _222 |
| 100 | 1 | _aسيد، عصام لطفي. | |
| 245 | 1 | 2 |
_aالجهاز المصرفي ودوره في دعم المشروعات الصغيرة والمتوسطة / _cعصام لطفي سيد. |
| 260 |
_aالقاهرة : _bدار النهضة العربية، _c2015. |
||
| 300 |
_a1 مج. ؛ _c24 سم. |
||
| 504 | _aيشتمل على إرجاعات ببليوجرافية. | ||
| 650 | 0 |
_aالمشروعات الصغيرة _xتمويل _zمصر. _2BUEsh |
|
| 650 | 0 |
_aالبنوك _xجوانب اقتصادية _zمصر. _2BUEsh |
|
| 651 | _2BUEsh | ||
| 653 |
_bLLAAWW _cNovember2016 |
||
| 942 | _2ddc | ||
| 999 |
_c22966 _d22938 |
||